000 01437nam1a22002291i 4500
001 rc\3569413
005 20260408073005.0
035 _a(NLR Aleph) 007690702
090 _a6638197
_c6638197
100 _a20130115d1974 |||y0rusy50 ca
101 0 _arus
102 _aRU
105 _ay z |||||
200 1 _aПитомник площадью 100 га с орошением с отделениями зеленого черенкования и выращивания посадочного материала под полиэтиленовой пленкой для зоны смешанных лесов РСФСР
_eТиповой проект
_eУтв. 17/VIII 1973 г.
_e[В 3 кн.]
_eКн. 2-
_fГослесхоз СССР. Всесоюз. гос. проектно-изыскат. ин-т "Союзгипролесхоз"
210 _aМосква
_cБ. и.
_d1974
215 _d28
532 1 1 _aПитомник площадью сто гектаров с орошением с отделениями зеленого черенкования и выращивания посадочного материала под полиэтиленовой пленкой для зоны смешанных лесов РСФСР
712 0 1 _aСССР
_bКомитет по лесному хозяйству
_3RU\NLR\AUTH\8810063286
_9628174
801 0 _aRU
_bNLR
_gpsbo
801 1 _aRU
_bELAR
_2rusmarc
852 _aNLR
_j74-8/1164
942 _cBOOK